000 00659cam a2200229 4500500
005 20260405001314.0
041 _afre
042 _adc
100 1 0 _ade Sutter, Laurent
_eauthor
245 0 0 _aIntroduction à la vie intense
260 _c2012.
500 _a35
690 _aCréation
690 _aDevenir
690 _aÉvénement
690 _aGilles Deleuze
690 _aLaurent de Sutter
690 _aPolitique
690 _aPsychanalyse
786 0 _nPhilosophie magazine | 61 | 7 | 2012-07-01 | p. 88-89 | 1951-1787
856 4 1 _uhttps://shs.cairn.info/magazine-philosophie-magazine-2012-7-page-88?lang=fr&redirect-ssocas=7080
999 _c2046192
_d2046192